[Event "Budimex Polish Women's Championship"]
[Site "www.chessmanager.com"]
[Date "2018.05.14"]
[Round "3"]
[White "Rajlich, Iweta"]
[Black "Zawadzka, Jolanta"]
[Result "1/2-1/2"]
[Board "5"]
[WhiteElo "2389"]
[WhiteTitle "IM"]
[WhiteCountry "POL"]
[WhiteFideId "1108166"]
[WhiteEloChange "1"]
[BlackElo "2424"]
[BlackTitle "WGM"]
[BlackCountry "POL"]
[BlackFideId "1122320"]
[BlackEloChange "-1"]

1. b3 {[%clk 1:30:57]} Nf6 {[%clk 1:29:03]} 2. Bb2 {[%clk 1:31:22]} g6 {[%clk
1:29:19]} 3. g3 {[%clk 1:29:59]} Bg7 {[%clk 1:29:11]} 4. Bg2 {[%clk 1:30:25]} d6
{[%clk 1:28:28]} 5. d4 {[%clk 1:30:41]} O-O {[%clk 1:26:55]} 6. Nf3 {[%clk
1:31:08]} a5 {[%clk 1:26:39]} 7. O-O {[%clk 1:30:38]} a4 {[%clk 1:26:13]} 8. c4
{[%clk 1:30:50]} axb3 {[%clk 1:20:12]} 9. Qxb3 {[%clk 1:29:44]} Nbd7 {[%clk
1:17:06]} 10. Nbd2 {[%clk 1:28:37]} c6 {[%clk 1:08:14]} 11. Rfd1 {[%clk 1:15:19]}
Qc7 {[%clk 0:48:59]} 12. h3 {[%clk 1:09:53]} b6 {[%clk 0:46:09]} 13. Qc2 {[%clk
0:55:07]} e5 {[%clk 0:43:31]} 14. e3 {[%clk 0:43:16]} Ba6 {[%clk 0:42:34]} 15.
Nb3 {[%clk 0:43:11]} Rfe8 {[%clk 0:37:01]} 16. a4 {[%clk 0:36:21]} exd4 {[%clk
0:33:58]} 17. exd4 {[%clk 0:36:24]} d5 {[%clk 0:32:17]} 18. Ne5 {[%clk 0:33:04]}
dxc4 {[%clk 0:29:45]} 19. Nxc4 {[%clk 0:28:25]} Nd5 {[%clk 0:28:48]} 20. Ba3
{[%clk 0:22:44]} Re6 {[%clk 0:27:33]} 21. a5 {[%clk 0:18:07]} bxa5 {[%clk
0:22:20]} 22. Ncxa5 {[%clk 0:16:04]} Rc8 {[%clk 0:21:22]} 23. Rac1 {[%clk
0:13:29]} N7f6 {[%clk 0:19:30]} 24. Nc4 {[%clk 0:12:51]} Bb5 {[%clk 0:17:49]} 25.
Re1 {[%clk 0:12:32]} Rce8 {[%clk 0:16:57]} 26. Rxe6 {[%clk 0:12:56]} Rxe6 {[%clk
0:16:56]} 27. Ne5 {[%clk 0:12:51]} Qb8 {[%clk 0:12:45]} 28. Qd2 {[%clk 0:11:07]}
Qa8 {[%clk 0:08:49]} 29. Bc5 {[%clk 0:10:52]} Re8 {[%clk 0:09:00]} 30. Ra1 {[%clk
0:11:10]} Qc8 {[%clk 0:07:46]} 31. g4 {[%clk 0:10:26]} Nd7 {[%clk 0:07:48]} 32.
f4 {[%clk 0:09:34]} Nxe5 {[%clk 0:07:02]} 33. fxe5 {[%clk 0:09:25]} Qe6 {[%clk
0:04:58]} 34. Bd6 {[%clk 0:09:21]} Nb6 {[%clk 0:03:55]} 35. Nc5 {[%clk 0:09:23]}
Qc8 {[%clk 0:04:04]} 36. Qf4 {[%clk 0:08:50]} Bc4 {[%clk 0:03:30]} 37. Rb1 {[%clk
0:08:15]} Nd7 {[%clk 0:02:41]} 38. Rc1 {[%clk 0:06:54]} Nxc5 {[%clk 0:02:04]} 39.
Rxc4 {[%clk 0:06:48]} Ne6 {[%clk 0:02:01]} 40. Qc1 {[%clk 0:36:18]} Nd8 {[%clk
0:31:27]} 41. Bxc6 {[%clk 0:24:57]} Nxc6 {[%clk 0:31:52]} 42. Rxc6 {[%clk
0:25:22]} Qb7 {[%clk 0:32:02]} 43. Rc3 {[%clk 0:08:23]} Qd5 {[%clk 0:29:51]} 44.
Qf4 {[%clk 0:06:13]} Ra8 {[%clk 0:28:01]} 45. Ba3 {[%clk 0:05:31]} h6 {[%clk
0:23:41]} 46. Rf3 {[%clk 0:05:03]} Ra4 {[%clk 0:22:43]} 47. Rd3 {[%clk 0:04:01]}
Rc4 {[%clk 0:17:11]} 48. Qf3 {[%clk 0:03:42]} Qxf3 {[%clk 0:16:42]} 49. Rxf3
{[%clk 0:04:11]} Rxd4 {[%clk 0:17:07]} 50. Bd6 {[%clk 0:04:01]} Re4 {[%clk
0:17:15]} 51. Ra3 {[%clk 0:03:50]} Bxe5 {[%clk 0:17:01]} 52. Bxe5 {[%clk
0:04:19]} Rxe5 {[%clk 0:17:24]} 53. Kf2 {[%clk 0:04:45]} Kg7 {[%clk 0:17:40]} 54.
Kf3 {[%clk 0:05:01]} h5 {[%clk 0:17:15]} 55. Kg3 {[%clk 0:04:50]} Rb5 {[%clk
0:15:46]} 56. gxh5 {[%clk 0:05:13]} Rxh5 {[%clk 0:16:08]} 57. Ra7 {[%clk
0:05:38]} Rf5 {[%clk 0:16:20]} 58. Kg4 {[%clk 0:06:07]} Rf1 {[%clk 0:16:34]} 59.
Kg3 {[%clk 0:06:25]} Kh6 {[%clk 0:16:38]} 60. Ra5 {[%clk 0:06:40]} Rb1 {[%clk
0:16:14]} 61. Ra3 {[%clk 0:06:35]} Rb4 {[%clk 0:15:41]} 62. Rf3 {[%clk 0:06:52]}
f5 {[%clk 0:15:44]} 63. Ra3 {[%clk 0:07:21]} Kh5 {[%clk 0:12:32]} 64. Ra8 {[%clk
0:06:51]} Rb3+ {[%clk 0:12:04]} 65. Kg2 {[%clk 0:07:20]} Re3 {[%clk 0:07:00]} 66.
Ra4 {[%clk 0:07:16]} Kg5 {[%clk 0:06:55]} 67. Ra6 {[%clk 0:06:54]} f4 {[%clk
0:06:41]} 68. Ra8 {[%clk 0:06:27]} Rd3 {[%clk 0:04:59]} 69. Rb8 {[%clk 0:06:08]}
Rg3+ {[%clk 0:03:39]} 70. Kh2 {[%clk 0:06:37]} Kh6 {[%clk 0:03:11]} 71. Rf8
{[%clk 0:06:14]} g5 {[%clk 0:03:30]} 72. h4 {[%clk 0:05:27]} Rg4 {[%clk 0:02:44]}
73. hxg5+ {[%clk 0:05:44]} Kxg5 {[%clk 0:03:10]} 74. Rg8+ {[%clk 0:06:01]} Kf5
{[%clk 0:03:36]} 75. Rxg4 {[%clk 0:06:16]} Kxg4 {[%clk 0:04:03]} 76. Kg2 {[%clk
0:06:43]} f3+ {[%clk 0:04:31]} 77. Kf2 {[%clk 0:07:11]} Kf4 {[%clk 0:04:58]} 78.
Kf1 {[%clk 0:07:37]} Ke5 {[%clk 0:04:57]} 1/2-1/2

[Event "Budimex Polish Women's Championship"]
[Site "www.chessmanager.com"]
[Date "2018.05.15"]
[Round "4"]
[White "Majdan, Joanna"]
[Black "Zawadzka, Jolanta"]
[Result "1/2-1/2"]
[Board "1"]
[WhiteElo "2369"]
[WhiteTitle "WGM"]
[WhiteCountry "POL"]
[WhiteFideId "1121979"]
[WhiteEloChange "2"]
[BlackElo "2424"]
[BlackTitle "WGM"]
[BlackCountry "POL"]
[BlackFideId "1122320"]
[BlackEloChange "-1"]

1. e4 {[%clk 1:30:58]} e5 {[%clk 1:30:55]} 2. Bc4 {[%clk 1:31:23]} Nc6 {[%clk
1:31:18]} 3. Nf3 {[%clk 1:31:48]} Bc5 {[%clk 1:31:42]} 4. c3 {[%clk 1:32:07]} Nf6
{[%clk 1:32:05]} 5. d3 {[%clk 1:32:28]} d6 {[%clk 1:32:28]} 6. Nbd2 {[%clk
1:31:46]} O-O {[%clk 1:32:20]} 7. Bb3 {[%clk 1:32:09]} Ne7 {[%clk 1:30:44]} 8.
O-O {[%clk 1:28:03]} Bb6 {[%clk 1:30:37]} 9. h3 {[%clk 1:27:03]} c6 {[%clk
1:30:27]} 10. Re1 {[%clk 1:26:49]} Ng6 {[%clk 1:30:24]} 11. Nf1 {[%clk 1:27:12]}
h6 {[%clk 1:30:01]} 12. Ng3 {[%clk 1:25:23]} d5 {[%clk 1:28:20]} 13. exd5 {[%clk
1:21:43]} Nxd5 {[%clk 1:27:25]} 14. d4 {[%clk 1:21:55]} exd4 {[%clk 1:00:32]} 15.
Nxd4 {[%clk 1:21:08]} Re8 {[%clk 1:00:11]} 16. Rxe8+ {[%clk 1:10:59]} Qxe8 {[%clk
1:00:39]} 17. Qe2 {[%clk 1:11:07]} Qxe2 {[%clk 0:48:41]} 18. Ngxe2 {[%clk
1:10:38]} Nde7 {[%clk 0:48:54]} 19. Be3 {[%clk 1:09:20]} Bd7 {[%clk 0:47:52]} 20.
Rd1 {[%clk 1:06:10]} c5 {[%clk 0:41:47]} 21. Nc2 {[%clk 0:59:50]} Bc6 {[%clk
0:41:44]} 22. Nf4 {[%clk 0:57:39]} Nxf4 {[%clk 0:32:38]} 23. Bxf4 {[%clk
0:58:02]} Rd8 {[%clk 0:32:56]} 24. Rxd8+ {[%clk 0:57:19]} Bxd8 {[%clk 0:33:24]}
25. Bd6 {[%clk 0:56:56]} b6 {[%clk 0:33:30]} 26. Ne3 {[%clk 0:57:02]} Nc8 {[%clk
0:31:09]} 27. Be5 {[%clk 0:56:51]} Kf8 {[%clk 0:25:39]} 28. Nf5 {[%clk 0:54:16]}
f6 {[%clk 0:25:23]} 29. Bb8 {[%clk 0:54:22]} Bd7 {[%clk 0:22:23]} 30. g4 {[%clk
0:52:33]} h5 {[%clk 0:17:55]} 31. Kg2 {[%clk 0:52:21]} hxg4 {[%clk 0:16:36]} 32.
hxg4 {[%clk 0:52:47]} g6 {[%clk 0:15:33]} 33. Ne3 {[%clk 0:50:26]} 1/2-1/2

[Event "Budimex Polish Women's Championship"]
[Site "www.chessmanager.com"]
[Date "2018.05.15"]
[Round "4"]
[White "Szczepkowska, Karina"]
[Black "Rajlich, Iweta"]
[Result "0-1"]
[Board "2"]
[WhiteElo "2404"]
[WhiteTitle "IM"]
[WhiteCountry "POL"]
[WhiteFideId "1122681"]
[WhiteEloChange "-5"]
[BlackElo "2389"]
[BlackTitle "IM"]
[BlackCountry "POL"]
[BlackFideId "1108166"]
[BlackEloChange "10"]

1. d4 {[%clk 1:30:55]} Nf6 {[%clk 1:30:57]} 2. c4 {[%clk 1:31:09]} b6 {[%clk
1:31:24]} 3. Nf3 {[%clk 1:28:35]} Bb7 {[%clk 1:31:42]} 4. Nc3 {[%clk 1:28:31]} g6
{[%clk 1:28:52]} 5. Qc2 {[%clk 1:24:36]} d5 {[%clk 1:27:33]} 6. cxd5 {[%clk
1:12:43]} Nxd5 {[%clk 1:16:44]} 7. e4 {[%clk 1:13:08]} Nxc3 {[%clk 1:17:06]} 8.
bxc3 {[%clk 1:13:33]} Bg7 {[%clk 1:17:11]} 9. Be2 {[%clk 1:09:37]} Nd7 {[%clk
1:15:27]} 10. e5 {[%clk 1:04:25]} c5 {[%clk 1:14:15]} 11. e6 {[%clk 0:57:23]}
fxe6 {[%clk 1:14:30]} 12. Ng5 {[%clk 0:57:46]} O-O {[%clk 1:04:26]} 13. Nxe6
{[%clk 0:54:22]} Qc8 {[%clk 1:04:52]} 14. Nxf8 {[%clk 0:52:59]} Kxf8 {[%clk
1:05:10]} 15. d5 {[%clk 0:43:11]} Bxd5 {[%clk 1:05:32]} 16. O-O {[%clk 0:43:36]}
Qc6 {[%clk 1:04:49]} 17. f3 {[%clk 0:43:10]} c4 {[%clk 1:04:07]} 18. Be3 {[%clk
0:41:35]} Nc5 {[%clk 0:54:24]} 19. Rfd1 {[%clk 0:40:58]} e6 {[%clk 0:47:24]} 20.
Qd2 {[%clk 0:39:19]} Na4 {[%clk 0:45:42]} 21. Rac1 {[%clk 0:36:27]} Kg8 {[%clk
0:28:30]} 22. Bd4 {[%clk 0:35:36]} Bxd4+ {[%clk 0:28:42]} 23. Qxd4 {[%clk
0:35:59]} Rf8 {[%clk 0:24:20]} 24. Rd2 {[%clk 0:35:47]} a5 {[%clk 0:21:39]} 25.
Qe3 {[%clk 0:34:47]} b5 {[%clk 0:20:38]} 26. Rd4 {[%clk 0:30:52]} Qc5 {[%clk
0:19:47]} 27. Kf2 {[%clk 0:29:55]} Qc7 {[%clk 0:19:53]} 28. Kg1 {[%clk 0:26:32]}
Nb6 {[%clk 0:16:35]} 29. Rg4 {[%clk 0:23:40]} Rf5 {[%clk 0:15:53]} 30. Rg5 {[%clk
0:20:09]} Rxg5 {[%clk 0:13:59]} 31. Qxg5 {[%clk 0:20:37]} b4 {[%clk 0:10:56]} 32.
cxb4 {[%clk 0:19:37]} axb4 {[%clk 0:11:21]} 33. h4 {[%clk 0:19:53]} Qc5+ {[%clk
0:10:48]} 34. Kf1 {[%clk 0:19:10]} c3 {[%clk 0:10:04]} 35. h5 {[%clk 0:09:57]}
Nc4 {[%clk 0:10:30]} 36. h6 {[%clk 0:06:32]} Ne3+ {[%clk 0:07:54]} 37. Kg1 {[%clk
0:04:45]} Nf5+ {[%clk 0:07:28]} 38. Kh1 {[%clk 0:03:15]} Bxa2 {[%clk 0:06:50]}
39. Bd3 {[%clk 0:01:46]} Qe3 {[%clk 0:05:30]} 40. Qd8+ {[%clk 0:31:22]} Kf7
{[%clk 0:35:55]} 41. Ra1 {[%clk 0:28:50]} Qxh6+ {[%clk 0:26:13]} 42. Kg1 {[%clk
0:29:19]} Qe3+ {[%clk 0:26:33]} 43. Kh1 {[%clk 0:29:32]} Qd2 {[%clk 0:17:39]} 44.
Qc7+ {[%clk 0:15:08]} Ne7 {[%clk 0:17:57]} 45. Rxa2 {[%clk 0:12:44]} Qxa2 {[%clk
0:18:16]} 46. Qf4+ {[%clk 0:13:10]} Nf5 {[%clk 0:16:01]} 47. Qc7+ {[%clk
0:12:39]} Kf6 {[%clk 0:15:24]} 48. Qd8+ {[%clk 0:11:32]} Kg7 {[%clk 0:14:43]} 49.
Qc7+ {[%clk 0:09:23]} Kf6 {[%clk 0:13:33]} 50. Qd8+ {[%clk 0:09:37]} Ke5 {[%clk
0:13:10]} 51. Qb8+ {[%clk 0:07:06]} Kd4 {[%clk 0:10:17]} 52. Bf1 {[%clk 0:07:34]}
Ke3 {[%clk 0:07:31]} 53. Qb6+ {[%clk 0:05:13]} Nd4 {[%clk 0:06:48]} 54. Qxb4
{[%clk 0:04:56]} Qd2 {[%clk 0:03:51]} 55. Qd6 {[%clk 0:00:49]} Kf2 {[%clk
0:03:33]} 56. g4 {[%clk 0:00:43]} Qh6+ {[%clk 0:03:51]} 0-1

[Event "Budimex Polish Women's Championship"]
[Site "www.chessmanager.com"]
[Date "2018.05.15"]
[Round "4"]
[White "Bartel, Marta"]
[Black "Sliwicka, Alicja"]
[Result "0-1"]
[Board "3"]
[WhiteElo "2280"]
[WhiteTitle "WGM"]
[WhiteCountry "POL"]
[WhiteFideId "1123009"]
[WhiteEloChange "-11"]
[BlackElo "2261"]
[BlackTitle "WFM"]
[BlackCountry "POL"]
[BlackFideId "1150677"]
[BlackEloChange "11"]

1. Nf3 {[%clk 1:30:54]} c5 {[%clk 1:30:11]} 2. g3 {[%clk 1:31:17]} Nc6 {[%clk
1:30:21]} 3. Bg2 {[%clk 1:31:40]} g6 {[%clk 1:30:34]} 4. e4 {[%clk 1:24:07]} Bg7
{[%clk 1:30:50]} 5. d3 {[%clk 1:24:08]} d6 {[%clk 1:31:01]} 6. O-O {[%clk
1:23:59]} e5 {[%clk 1:31:18]} 7. c3 {[%clk 1:21:05]} Nge7 {[%clk 1:31:31]} 8. Be3
{[%clk 1:19:53]} O-O {[%clk 1:28:59]} 9. Na3 {[%clk 1:11:29]} h6 {[%clk 1:21:45]}
10. d4 {[%clk 0:57:00]} exd4 {[%clk 1:12:53]} 11. cxd4 {[%clk 0:57:23]} d5 {[%clk
1:12:45]} 12. dxc5 {[%clk 0:40:48]} dxe4 {[%clk 1:11:33]} 13. Nd2 {[%clk
0:40:51]} Nf5 {[%clk 1:06:33]} 14. Nac4 {[%clk 0:34:27]} Nxe3 {[%clk 1:06:15]}
15. fxe3 {[%clk 0:34:56]} f5 {[%clk 1:05:19]} 16. Qb3 {[%clk 0:32:21]} Kh7 {[%clk
0:55:34]} 17. Rad1 {[%clk 0:31:21]} Qe7 {[%clk 0:54:52]} 18. Qa3 {[%clk 0:27:30]}
Be6 {[%clk 0:54:01]} 19. b4 {[%clk 0:27:29]} b5 {[%clk 0:49:17]} 20. Na5 {[%clk
0:21:46]} Ne5 {[%clk 0:49:20]} 21. Kh1 {[%clk 0:16:27]} Rfd8 {[%clk 0:47:54]} 22.
Ndb3 {[%clk 0:15:12]} Rxd1 {[%clk 0:41:18]} 23. Rxd1 {[%clk 0:15:41]} Ng4 {[%clk
0:40:31]} 24. Re1 {[%clk 0:14:22]} Nf2+ {[%clk 0:36:26]} 25. Kg1 {[%clk 0:14:51]}
Nd3 {[%clk 0:36:46]} 26. Re2 {[%clk 0:13:05]} Qd7 {[%clk 0:29:27]} 27. Nc1 {[%clk
0:08:33]} Nb2 {[%clk 0:26:20]} 28. Re1 {[%clk 0:03:53]} Na4 {[%clk 0:23:28]} 29.
Re2 {[%clk 0:03:59]} Nc3 {[%clk 0:22:10]} 30. Nab3 {[%clk 0:02:17]} Nxe2+ {[%clk
0:20:53]} 31. Nxe2 {[%clk 0:02:44]} Qd1+ {[%clk 0:19:29]} 32. Bf1 {[%clk
0:02:17]} Bxb3 {[%clk 0:17:51]} 33. axb3 {[%clk 0:01:54]} Qd2 {[%clk 0:17:39]}
34. Kf2 {[%clk 0:02:04]} a5 {[%clk 0:17:04]} 35. c6 {[%clk 0:01:45]} Qd6 {[%clk
0:13:20]} 36. Qc1 {[%clk 0:01:32]} Rc8 {[%clk 0:12:45]} 37. bxa5 {[%clk 0:01:39]}
Rxc6 {[%clk 0:13:09]} 38. Qb1 {[%clk 0:01:05]} Qb4 {[%clk 0:12:33]} 39. Qd1
{[%clk 0:01:01]} Qxa5 {[%clk 0:11:54]} 40. Nf4 {[%clk 0:31:07]} Qb6 {[%clk
0:37:42]} 41. Qd7 {[%clk 0:29:13]} Rd6 {[%clk 0:26:19]} 42. Qf7 {[%clk 0:28:51]}
Qc6 {[%clk 0:25:48]} 43. Be2 {[%clk 0:26:01]} Qd7 {[%clk 0:22:41]} 44. Qxd7
{[%clk 0:26:25]} Rxd7 {[%clk 0:23:08]} 45. Bxb5 {[%clk 0:26:53]} Rd2+ {[%clk
0:23:27]} 46. Ne2 {[%clk 0:27:11]} Bf8 {[%clk 0:23:31]} 47. Bc4 {[%clk 0:27:13]}
Bc5 {[%clk 0:23:22]} 48. h4 {[%clk 0:26:48]} Kg7 {[%clk 0:22:35]} 49. Bb5 {[%clk
0:25:53]} Rb2 {[%clk 0:22:19]} 0-1

[Event "Budimex Polish Women's Championship"]
[Site "www.chessmanager.com"]
[Date "2018.05.15"]
[Round "4"]
[White "Socko, Monika"]
[Black "Kulon, Klaudia"]
[Result "0-1"]
[Board "4"]
[WhiteElo "2458"]
[WhiteTitle "GM"]
[WhiteCountry "POL"]
[WhiteFideId "1106619"]
[WhiteEloChange "-6"]
[BlackElo "2353"]
[BlackTitle "WGM"]
[BlackCountry "POL"]
[BlackFideId "1131044"]
[BlackEloChange "13"]

1. d4 {[%clk 1:30:58]} f5 {[%clk 1:30:56]} 2. g3 {[%clk 1:31:00]} Nf6 {[%clk
1:31:16]} 3. Bg2 {[%clk 1:31:26]} g6 {[%clk 1:31:42]} 4. c4 {[%clk 1:31:20]} Bg7
{[%clk 1:32:07]} 5. Nc3 {[%clk 1:30:51]} O-O {[%clk 1:32:30]} 6. Nh3 {[%clk
1:31:17]} d6 {[%clk 1:32:45]} 7. O-O {[%clk 1:31:08]} Nc6 {[%clk 1:32:52]} 8. d5
{[%clk 1:30:42]} Ne5 {[%clk 1:33:16]} 9. Qb3 {[%clk 1:30:26]} c5 {[%clk 1:33:39]}
10. Ng5 {[%clk 1:24:40]} Ne8 {[%clk 1:27:38]} 11. f4 {[%clk 1:12:41]} Ng4 {[%clk
1:26:18]} 12. h3 {[%clk 1:11:47]} Ngf6 {[%clk 1:21:45]} 13. Ne6 {[%clk 1:06:29]}
Bxe6 {[%clk 1:17:29]} 14. dxe6 {[%clk 1:06:56]} Rb8 {[%clk 1:16:50]} 15. e4
{[%clk 1:07:06]} fxe4 {[%clk 1:12:16]} 16. Nxe4 {[%clk 1:07:28]} Nxe4 {[%clk
1:10:23]} 17. Bxe4 {[%clk 1:07:54]} Nf6 {[%clk 1:10:28]} 18. Bg2 {[%clk 1:03:32]}
b5 {[%clk 0:55:03]} 19. cxb5 {[%clk 0:58:38]} Qa5 {[%clk 0:41:19]} 20. a4 {[%clk
0:46:55]} a6 {[%clk 0:41:23]} 21. Qc3 {[%clk 0:42:36]} Qxc3 {[%clk 0:31:35]} 22.
bxc3 {[%clk 0:41:18]} axb5 {[%clk 0:31:52]} 23. a5 {[%clk 0:36:18]} d5 {[%clk
0:31:53]} 24. a6 {[%clk 0:34:32]} Ne4 {[%clk 0:29:58]} 25. Bxe4 {[%clk 0:26:23]}
dxe4 {[%clk 0:30:14]} 26. Ra3 {[%clk 0:23:02]} b4 {[%clk 0:28:50]} 27. cxb4
{[%clk 0:22:28]} Bd4+ {[%clk 0:29:13]} 28. Kg2 {[%clk 0:20:40]} Rxb4 {[%clk
0:29:08]} 29. f5 {[%clk 0:16:40]} Ra8 {[%clk 0:16:03]} 30. g4 {[%clk 0:10:23]}
Rb6 {[%clk 0:15:49]} 31. Bg5 {[%clk 0:09:49]} Kf8 {[%clk 0:10:27]} 32. Bh6+
{[%clk 0:06:06]} Kg8 {[%clk 0:10:28]} 33. fxg6 {[%clk 0:05:42]} hxg6 {[%clk
0:10:44]} 34. a7 {[%clk 0:05:16]} Rb2+ {[%clk 0:09:44]} 35. Kg3 {[%clk 0:05:42]}
c4 {[%clk 0:09:47]} 36. Rf8+ {[%clk 0:05:18]} Rxf8 {[%clk 0:10:12]} 37. Bxf8
{[%clk 0:05:46]} g5 {[%clk 0:10:27]} 38. Ra5 {[%clk 0:04:00]} Bf2+ {[%clk
0:10:26]} 39. Kg2 {[%clk 0:04:29]} Bxa7+ {[%clk 0:10:51]} 40. Kf1 {[%clk
0:34:50]} Kxf8 {[%clk 0:36:47]} 41. Rxa7 {[%clk 0:34:01]} c3 {[%clk 0:37:12]} 42.
Rc7 {[%clk 0:31:24]} c2 {[%clk 0:37:20]} 43. Ke1 {[%clk 0:31:46]} e3 {[%clk
0:37:45]} 0-1

[Event "Budimex Polish Women's Championship"]
[Site "www.chessmanager.com"]
[Date "2018.05.15"]
[Round "4"]
[White "Warakomska, Anna"]
[Black "Kubicka, Anna"]
[Result "1-0"]
[Board "5"]
[WhiteElo "2295"]
[WhiteTitle "WIM"]
[WhiteCountry "POL"]
[WhiteFideId "1130790"]
[WhiteEloChange "8"]
[BlackElo "2219"]
[BlackTitle "WIM"]
[BlackCountry "POL"]
[BlackFideId "1152254"]
[BlackEloChange "-8"]

1. e4 {[%clk 1:30:49]} c5 {[%clk 1:30:45]} 2. Nf3 {[%clk 1:31:11]} d6 {[%clk
1:31:05]} 3. d4 {[%clk 1:31:04]} cxd4 {[%clk 1:31:27]} 4. Nxd4 {[%clk 1:31:31]}
Nf6 {[%clk 1:31:49]} 5. Nc3 {[%clk 1:31:58]} a6 {[%clk 1:31:52]} 6. Be3 {[%clk
1:31:21]} e5 {[%clk 1:32:11]} 7. Nb3 {[%clk 1:31:30]} Be6 {[%clk 1:32:24]} 8. h3
{[%clk 1:31:37]} Be7 {[%clk 1:32:27]} 9. f4 {[%clk 1:31:10]} exf4 {[%clk
1:32:50]} 10. Bxf4 {[%clk 1:31:38]} Nc6 {[%clk 1:32:56]} 11. Qe2 {[%clk 1:31:17]}
Nd7 {[%clk 1:31:42]} 12. O-O-O {[%clk 1:31:31]} Nce5 {[%clk 1:28:06]} 13. Kb1
{[%clk 1:31:23]} O-O {[%clk 1:28:15]} 14. Qe3 {[%clk 1:30:41]} Qc7 {[%clk
1:21:53]} 15. g4 {[%clk 1:28:56]} b5 {[%clk 1:21:22]} 16. g5 {[%clk 1:27:07]}
Rac8 {[%clk 1:18:02]} 17. Qf2 {[%clk 1:20:43]} Nb6 {[%clk 1:05:40]} 18. Nd5
{[%clk 0:54:56]} Bxd5 {[%clk 0:55:47]} 19. exd5 {[%clk 0:55:22]} Nec4 {[%clk
0:54:59]} 20. Bxc4 {[%clk 0:40:27]} bxc4 {[%clk 0:40:28]} 21. Na5 {[%clk
0:39:58]} Na4 {[%clk 0:36:22]} 22. Nc6 {[%clk 0:39:30]} Rb8 {[%clk 0:22:29]} 23.
Nxb8 {[%clk 0:38:59]} Rxb8 {[%clk 0:22:57]} 24. Ka1 {[%clk 0:38:19]} Nxb2 {[%clk
0:15:29]} 25. Rb1 {[%clk 0:38:38]} c3 {[%clk 0:15:46]} 26. Rhe1 {[%clk 0:29:21]}
Rb5 {[%clk 0:11:10]} 27. Qd4 {[%clk 0:26:28]} Rc5 {[%clk 0:07:44]} 28. Re4 {[%clk
0:20:05]} Bf8 {[%clk 0:06:29]} 29. Re8 {[%clk 0:16:54]} Rc4 {[%clk 0:05:36]} 30.
Qe3 {[%clk 0:17:05]} Ra4 {[%clk 0:05:27]} 31. Re1 {[%clk 0:15:59]} g6 {[%clk
0:02:33]} 32. Qg3 {[%clk 0:13:55]} Nc4 {[%clk 0:00:33]} 33. Qxc3 {[%clk 0:13:52]}
Ra3 {[%clk 0:00:32]} 34. Rxf8+ {[%clk 0:14:06]} 1-0

[Event "Budimex Polish Women's Championship"]
[Site "www.chessmanager.com"]
[Date "2018.05.16"]
[Round "5"]
[White "Kubicka, Anna"]
[Black "Majdan, Joanna"]
[Result "0-1"]
[Board "1"]
[WhiteElo "2219"]
[WhiteTitle "WIM"]
[WhiteCountry "POL"]
[WhiteFideId "1152254"]
[WhiteEloChange "-6"]
[BlackElo "2369"]
[BlackTitle "WGM"]
[BlackCountry "POL"]
[BlackFideId "1121979"]
[BlackEloChange "6"]

1. d4 {[%clk 1:30:50]} f5 {[%clk 1:30:56]} 2. g3 {[%clk 1:30:29]} Nf6 {[%clk
1:31:04]} 3. Bg2 {[%clk 1:30:40]} g6 {[%clk 1:31:18]} 4. c4 {[%clk 1:29:41]} Bg7
{[%clk 1:31:43]} 5. Nc3 {[%clk 1:29:55]} O-O {[%clk 1:31:51]} 6. Nf3 {[%clk
1:27:58]} d6 {[%clk 1:30:34]} 7. O-O {[%clk 1:28:15]} c6 {[%clk 1:27:47]} 8. Qc2
{[%clk 1:24:19]} Qc7 {[%clk 1:24:16]} 9. b4 {[%clk 1:14:47]} e5 {[%clk 1:19:29]}
10. dxe5 {[%clk 1:12:03]} dxe5 {[%clk 1:19:47]} 11. Rd1 {[%clk 1:11:55]} e4
{[%clk 1:11:13]} 12. Bf4 {[%clk 1:04:46]} Qf7 {[%clk 1:11:30]} 13. Nd2 {[%clk
0:40:27]} Nh5 {[%clk 1:09:32]} 14. Bd6 {[%clk 0:39:49]} Re8 {[%clk 1:09:33]} 15.
c5 {[%clk 0:25:16]} e3 {[%clk 1:01:55]} 16. Nf3 {[%clk 0:24:42]} exf2+ {[%clk
0:59:08]} 17. Kxf2 {[%clk 0:24:55]} Nf6 {[%clk 0:57:56]} 18. Ne5 {[%clk 0:20:40]}
Rxe5 {[%clk 0:56:53]} 19. Bxe5 {[%clk 0:20:54]} Ng4+ {[%clk 0:57:21]} 20. Kg1
{[%clk 0:19:47]} Bxe5 {[%clk 0:57:40]} 21. h3 {[%clk 0:16:11]} Nf6 {[%clk
0:56:56]} 22. Rd8+ {[%clk 0:14:10]} Kg7 {[%clk 0:57:03]} 23. Rxc8 {[%clk
0:13:25]} Qd7 {[%clk 0:57:28]} 24. Rxb8 {[%clk 0:13:33]} Qd4+ {[%clk 0:57:48]}
25. e3 {[%clk 0:10:53]} Qxe3+ {[%clk 0:58:06]} 26. Qf2 {[%clk 0:11:16]} Qxf2+
{[%clk 0:55:49]} 27. Kxf2 {[%clk 0:11:42]} Rxb8 {[%clk 0:56:16]} 28. Rc1 {[%clk
0:12:02]} Bd4+ {[%clk 0:50:08]} 29. Kf1 {[%clk 0:11:50]} Re8 {[%clk 0:48:16]} 30.
Ne2 {[%clk 0:11:29]} Be3 {[%clk 0:48:07]} 31. Rd1 {[%clk 0:11:39]} Re7 {[%clk
0:47:29]} 32. Rd3 {[%clk 0:11:09]} g5 {[%clk 0:45:58]} 33. a4 {[%clk 0:10:30]}
Kf7 {[%clk 0:29:07]} 34. Bf3 {[%clk 0:09:18]} g4 {[%clk 0:26:19]} 35. hxg4 {[%clk
0:09:44]} fxg4 {[%clk 0:26:47]} 36. Bg2 {[%clk 0:10:11]} Re5 {[%clk 0:23:45]} 37.
Ke1 {[%clk 0:06:21]} Nd5 {[%clk 0:16:05]} 38. Bxd5+ {[%clk 0:06:02]} cxd5 {[%clk
0:16:33]} 39. Kd1 {[%clk 0:05:20]} Ke6 {[%clk 0:15:54]} 40. Kc2 {[%clk 0:35:20]}
h5 {[%clk 0:40:25]} 41. Rc3 {[%clk 0:25:00]} Kf5 {[%clk 0:34:41]} 42. b5 {[%clk
0:14:36]} d4 {[%clk 0:24:41]} 43. Rc4 {[%clk 0:11:51]} d3+ {[%clk 0:24:19]} 44.
Kxd3 {[%clk 0:12:06]} Bxc5 {[%clk 0:24:44]} 45. Nd4+ {[%clk 0:05:15]} Kf6 {[%clk
0:22:31]} 46. Ne2 {[%clk 0:05:30]} b6 {[%clk 0:21:07]} 47. Nf4 {[%clk 0:05:41]}
Kg5 {[%clk 0:19:21]} 48. Kd2 {[%clk 0:05:27]} Bf2 {[%clk 0:16:40]} 49. Nd3 {[%clk
0:03:12]} Rd5 {[%clk 0:16:47]} 50. Rc7 {[%clk 0:03:32]} Bxg3 {[%clk 0:17:06]} 51.
Rxa7 {[%clk 0:03:59]} h4 {[%clk 0:15:52]} 52. Rg7+ {[%clk 0:03:40]} Kf5 {[%clk
0:15:32]} 53. Ke3 {[%clk 0:03:12]} h3 {[%clk 0:15:47]} 54. Rh7 {[%clk 0:01:53]}
h2 {[%clk 0:14:26]} 55. Rh8 {[%clk 0:01:24]} Rd7 {[%clk 0:11:44]} 56. Ke2 {[%clk
0:01:11]} Kg6 {[%clk 0:10:09]} 57. Nf2 {[%clk 0:01:40]} Re7+ {[%clk 0:10:34]} 58.
Kf1 {[%clk 0:02:07]} Rf7 {[%clk 0:10:59]} 59. Kg2 {[%clk 0:02:31]} Bxf2 {[%clk
0:11:24]} 60. Rxh2 {[%clk 0:02:58]} Bc5 {[%clk 0:11:17]} 61. Rh8 {[%clk 0:03:06]}
Ra7 {[%clk 0:11:22]} 62. Kg3 {[%clk 0:02:45]} Rxa4 {[%clk 0:11:48]} 63. Rd8
{[%clk 0:02:43]} Kf5 {[%clk 0:11:49]} 64. Rd5+ {[%clk 0:02:57]} Ke6 {[%clk
0:12:16]} 65. Rd2 {[%clk 0:03:10]} Bd6+ {[%clk 0:12:41]} 66. Kh4 {[%clk 0:03:11]}
g3+ {[%clk 0:13:04]} 67. Kh3 {[%clk 0:03:39]} Rb4 {[%clk 0:13:25]} 68. Re2+
{[%clk 0:03:57]} Be5 {[%clk 0:13:51]} 0-1